000 00651nam a22002297a 4500
003 UA-OsUOA
001 77623
007 ta
008 20110920b un ||||| |||| 00| 0 ukr d
100 _aБельтюков Е.
700 _aОкс М.
090 _a330
_bБ44
942 _cSA
040 _aUA-OsUOA
_brus
_cUA-OsUOA
_dUA-OsUOA
245 _aРазвитие экономики на основе создания совместных предприятий
300 _aС.24-30
955 _a0
041 _arus
080 _a330
773 0 _w77621
_tЕкономіст
_dК.
_d2011
_g8
650 7 _a330 Економіка взагалі
_2UDC
999 _c363927
_d363927